00892nam a2200205 a 450000100100000000500170001000800410002702000150006804000250008308200150010810000340012324501260015726000620028330000270034550000620037270000320043470000310046695201720049799900170066900004555120201002052318.0150414s2002 pr a 000 0 spa d a0965017745 aDO-SdBNPbspacBNPHU axxxxbxxxx1 aPlenn, Doris Troutman.97361413aLa canción verde /cDoris Troutman Plenn ; versión al castellano Antonio J. Colorado ; ilustración de Paul Galdone. aSan Juan, Puerto Rico :bLibrería La Biblioteca,c2002. a99 p. :bil. ;c22 cm. aPerteneció a la biblioteca personal de Erick Landestoy.12aColorado, Antonio J.94066312aGaldone, Paul,eil.973615 001050718MOaPDbPDcCTd2015-04-14iLF1l0oxxxx xxxxp45551-10r2020-06-25w2020-06-25y1zPerteneció a la biblioteca personal de Erick Landestoy.ZNo se presta c45040d45040